<?xml version="1.0" encoding="UTF-8"?>
<collection xmlns:xsi="http://www.w3.org/2001/XMLSchema-instance" xsi:schemaLocation="http://www.loc.gov/MARC21/slim http://www.loc.gov/standards/marcxml/schema/MARC21slim.xsd" xmlns="http://www.loc.gov/MARC21/slim">
 <record>
  <leader>00000ctm a22000003a 4500</leader>
  <controlfield tag="001">UP-1685523046126355574</controlfield>
  <controlfield tag="003">Buklod</controlfield>
  <controlfield tag="005">20230301143946.0</controlfield>
  <controlfield tag="006">m    |o  d |      </controlfield>
  <controlfield tag="007">cr |||||||||||</controlfield>
  <controlfield tag="008">230301s2022    xx     d     r    |||| u|</controlfield>
  <datafield tag="035" ind1=" " ind2=" ">
   <subfield code="a">(iLib)UPMNL-00017456969</subfield>
  </datafield>
  <datafield tag="040" ind1=" " ind2=" ">
   <subfield code="a">UPDent</subfield>
   <subfield code="e">rda</subfield>
  </datafield>
  <datafield tag="041" ind1="0" ind2=" ">
   <subfield code="a">eng</subfield>
  </datafield>
  <datafield tag="090" ind1=" " ind2="0">
   <subfield code="a">LG993.5 2022 D4</subfield>
   <subfield code="b">A45</subfield>
  </datafield>
  <datafield tag="100" ind1="1" ind2=" ">
   <subfield code="a">Algarne, Wilgem O.</subfield>
   <subfield code="e">author</subfield>
  </datafield>
  <datafield tag="245" ind1="0" ind2="2">
   <subfield code="a">A comparison of the efficacies between E20 dental waterline treatment and a homemade cost-effective 2% hydrogen peroxide solution as dental unit waterline disinfectants in the UP College of Dentistry Clinics</subfield>
   <subfield code="c">Wilgem O Algarne, Marco Emmanuel S. Bermejo and Kerwin P. Lim.</subfield>
  </datafield>
  <datafield tag="264" ind1=" " ind2="1">
   <subfield code="a">Manila</subfield>
   <subfield code="b">Department of Community Dentistry, University of the Philippines Manila</subfield>
   <subfield code="c">c2022.</subfield>
  </datafield>
  <datafield tag="300" ind1=" " ind2=" ">
   <subfield code="a">128 leaves</subfield>
   <subfield code="b">color illustrations</subfield>
   <subfield code="c">28 cm.</subfield>
  </datafield>
  <datafield tag="336" ind1=" " ind2=" ">
   <subfield code="a">text</subfield>
   <subfield code="2">rdacontent</subfield>
  </datafield>
  <datafield tag="337" ind1=" " ind2=" ">
   <subfield code="a">unmediated</subfield>
   <subfield code="2">rdamedia</subfield>
  </datafield>
  <datafield tag="338" ind1=" " ind2=" ">
   <subfield code="a">volume</subfield>
   <subfield code="2">rdacarrier</subfield>
  </datafield>
  <datafield tag="500" ind1=" " ind2=" ">
   <subfield code="a">Seminar Paper--Doctor of Dental Medicine--University of the Philippines Manila</subfield>
  </datafield>
  <datafield tag="506" ind1=" " ind2=" ">
   <subfield code="a">Yes</subfield>
  </datafield>
  <datafield tag="506" ind1=" " ind2=" ">
   <subfield code="a">Yes</subfield>
  </datafield>
  <datafield tag="506" ind1=" " ind2=" ">
   <subfield code="a">N/A</subfield>
  </datafield>
  <datafield tag="520" ind1=" " ind2=" ">
   <subfield code="a">INTRODUCTION:The dental unit waterline (DUWL) is a source of infection in dental  clinics that must be controlled by chemical or non-chemical means. Multiple studies  have proven that hydrogen peroxide disinfectants lower bacterial counts in DUWLs.</subfield>
  </datafield>
  <datafield tag="520" ind1=" " ind2=" ">
   <subfield code="a">OBJECTIVE: This study aims to compare the efficacies between E2O, a branded  DUWL cleaner, and a homemade cost-effective solution of 2% hydrogen peroxide in  reducing the DUWL heterotrophic bacterial counts of the clinical sections in the UP  College of Dentistry (UPCD).</subfield>
  </datafield>
  <datafield tag="520" ind1=" " ind2=" ">
   <subfield code="a">METHODS: Six randomly selected dental units and their DUWLs from the three  sections (n=18) of the UPCD clinics were divided into two groups, E2O Treatment and  2% hydrogen peroxide solution. The DUWLs were flushed for 2 minutes with distilled  water and pre-test samples were collected. E2O and the 2% hydrogen peroxide  solutions were then run through the DUWLs, left overnight, and collected the next day  as post-test samples. Samples were spread-plated on R2A agar, incubated at 30±2ºC  for 7 days, and heterotrophic bacterial counts were determined. The Wilcoxon Rank  Sum test was used to determine if the disinfectants were able to reduce bacterial  counts to the Centers of Disease Control water standard of ≤500 CFU/mL.</subfield>
  </datafield>
  <datafield tag="520" ind1=" " ind2=" ">
   <subfield code="a">RESULTS: E2O and hydrogen peroxide had mean bacterial count reductions of 53%  and 45.53% respectively with mean post-test bacterial counts of 1,401 CFU/mL and  1,616 CFU/mL respectively.</subfield>
  </datafield>
  <datafield tag="520" ind1=" " ind2=" ">
   <subfield code="a">CONCLUSION: It is inconclusive to state that E2O Dental Waterline Treatment is  more efficacious than the homemade cost-effective 2% hydrogen peroxide solution or  vice versa. More research is recommended to conclude that these cleaners can  reduce bacteria counts in DUWLs when used regularly.</subfield>
  </datafield>
  <datafield tag="650" ind1="1" ind2="7">
   <subfield code="a">Hydrogen peroxide.</subfield>
  </datafield>
  <datafield tag="700" ind1="0" ind2=" ">
   <subfield code="a">Bermejo, Marco Emmanuel</subfield>
   <subfield code="e">author.</subfield>
  </datafield>
  <datafield tag="700" ind1="0" ind2=" ">
   <subfield code="a">Lim, Kerwin P.</subfield>
   <subfield code="e">author.</subfield>
  </datafield>
  <datafield tag="700" ind1="0" ind2=" ">
   <subfield code="a">Mendoza, Michael Antonio</subfield>
   <subfield code="e">technical adviser and co-author.</subfield>
  </datafield>
  <datafield tag="852" ind1="0" ind2=" ">
   <subfield code="a">UPMNL</subfield>
   <subfield code="b">DENT</subfield>
   <subfield code="h">LG993.5 2022 D4 A45</subfield>
  </datafield>
  <datafield tag="942" ind1=" " ind2=" ">
   <subfield code="a">Thesis</subfield>
  </datafield>
 </record>
</collection>
